[Event "I Festival del Fermano A"]
[Site "Fermo ITA"]
[Date "2010.08.29"]
[Round "9"]
[White "Spornberger, Maximilian"]
[Black "Pap, Gyula"]
[WhiteElo "2073"]
[BlackElo "2508"]
[Result "0-1"]
[PlyCount "60"]
[EventDate "2010.08.21"]

1. e4 c5 2. Nc3 Nc6 3. f4 g6 4. Nf3 Bg7 5. Bb5 d6 6. O-O Bd7 7. Bxc6 Bxc6 8. d3
Nf6 9. Qe1 Nd7 10. Bd2 Qc7 11. Rb1 b5 12. Qh4 Nb6 13. f5 b4 14. Ne2 gxf5 15.
exf5 O-O-O 16. a3 bxa3 17. bxa3 Kb8 18. a4 Ka8 19. a5 Nd5 20. c4 Bf6 21. Qh5
Nb4 22. Bxb4 cxb4 23. Qxf7 Qxa5 24. Nf4 Qxf5 25. Ne6 Rdg8 26. Rxb4 Rxg2+ 27.
Kh1 Rg1+ 28. Kxg1 Qg4+ 29. Kh1 Bxf3+ 30. Rxf3 Qxf3+ 0-1

[Event "I Festival del Fermano A"]
[Site "Fermo ITA"]
[Date "2010.08.29"]
[Round "9"]
[White "Tomini, Marco"]
[Black "Popa, Claudiu"]
[WhiteElo "2043"]
[BlackElo "2211"]
[Result "1-0"]
[PlyCount "117"]
[EventDate "2010.08.21"]

1. g3 g6 2. Bg2 Bg7 3. c4 c6 4. Nc3 Nf6 5. e4 e5 6. Nge2 d6 7. O-O O-O 8. d3
Nbd7 9. h3 Nc5 10. b4 Ne6 11. Be3 Nh5 12. d4 exd4 13. Nxd4 c5 14. bxc5 dxc5 15.
Nde2 Qa5 16. Rc1 Rd8 17. Qa4 Qxa4 18. Nxa4 Bf8 19. Nac3 Bd7 20. g4 Nhg7 21. e5
Rab8 22. Rfd1 b6 23. Nd5 Ne8 24. Nec3 Bg7 25. f4 N6c7 26. Rd2 Nxd5 27. Bxd5 Be6
28. Bxe6 fxe6 29. Rcd1 Rxd2 30. Rxd2 Rb7 31. Ne4 h6 32. Rd8 Re7 33. Nd6 Kf8 34.
a4 Bh8 35. Kg2 Bg7 36. Kf3 Bh8 37. Ke4 Bg7 38. Rb8 Bh8 39. a5 Bg7 40. axb6 axb6
41. Nc8 Rc7 42. Nxb6 Kf7 43. Na4 Bf8 44. Rb5 Ra7 45. Nxc5 Nc7 46. Rb8 Bxc5 47.
Bxc5 Ra4 48. Kd4 Na6 49. Rf8+ Kg7 50. Rf6 Nc7 51. Bf8+ Kg8 52. Bxh6 Nb5+ 53.
Kc5 Na3 54. Kd6 Nxc4+ 55. Kxe6 Kh7 56. Rf7+ Kh8 57. Kf6 Ra6+ 58. Kg5 Nd2 59.
Rf6 1-0

[Event "VIII Festival B"]
[Site "Amantea ITA"]
[Date "2010.08.29"]
[Round "1"]
[White "Barca, Lorenzo"]
[Black "Carlomagno, Vincenzo"]
[Result "1-0"]
[WhiteElo "1524"]
[BlackElo "1851"]
[PlyCount "57"]
[EventDate "2010.08.29"]

1. e4 c5 2. Nf3 d6 3. d4 cxd4 4. Nxd4 Nf6 5. Nc3 a6 6. f4 e6 7. e5 dxe5 8. fxe5
Nd5 9. Nf3 Bb4 10. a3 Bxc3+ 11. bxc3 Nxc3 12. Qxd8+ Kxd8 13. Bg5+ Kc7 14. Be7
Nc6 15. Bd6+ Kd7 16. Bd3 h6 17. O-O b6 18. Nd2 f5 19. Nc4 Nd5 20. Nd2 Nc7 21.
a4 Ne8 22. Nc4 Ra7 23. Nxb6+ Kd8 24. Bc5 Kc7 25. Bc4 Bb7 26. Rad1 Nd8 27. Rd7+
Kc6 28. Bf2 Nc7 29. Rd6# 1-0

[Event "VIII Festival B"]
[Site "Amantea ITA"]
[Date "2010.08.29"]
[Round "1"]
[White "Carbone, Stefano"]
[Black "Carbone, Edoardo"]
[Result "1/2-1/2"]
[WhiteElo "1885"]
[BlackElo "1614"]
[PlyCount "60"]
[EventDate "2010.08.29"]

1. g3 d5 2. Bg2 Nf6 3. d3 e6 4. c4 c6 5. Nd2 Nbd7 6. Ngf3 Bd6 7. O-O O-O 8. Qc2
b6 9. b3 Bb7 10. Bb2 Rc8 11. Rfc1 Qc7 12. Nd4 a6 13. a3 c5 14. N4f3 d4 15. Re1
Ne5 16. Nxe5 Bxe5 17. Nf3 Bd6 18. e4 Nd7 19. Qe2 e5 20. Nh4 g6 21. Bh3 Rb8 22.
Bc1 Rfe8 23. Rf1 Be7 24. Ng2 Bc8 25. f4 exf4 26. Nxf4 Ne5 27. Bxc8 Qxc8 28. Nd5
b5 29. Bf4 f6 30. Bxe5 fxe5 1/2-1/2

[Event "VIII Festival B"]
[Site "Amantea ITA"]
[Date "2010.08.29"]
[Round "1"]
[White "Dall'Aglio, Stefano"]
[Black "Alagia, Pietro"]
[Result "0-1"]
[WhiteElo "1380"]
[BlackElo "1673"]
[PlyCount "102"]
[EventDate "2010.08.29"]

1. e4 d5 2. d3 dxe4 3. dxe4 Qxd1+ 4. Kxd1 Nc6 5. Nc3 Bd7 6. Bf4 e5 7. Be3 Nge7
8. Nb5 O-O-O 9. Nxa7+ Nxa7 10. Bxa7 Bb5+ 11. Ke1 Bxf1 12. Kxf1 b6 13. Bxb6 cxb6
14. Nf3 f6 15. Ke2 Nc6 16. Rad1 Bc5 17. Rxd8+ Rxd8 18. c3 g6 19. b4 Bf8 20. Nd2
Bh6 21. Rd1 Rxd2+ 22. Rxd2 Bxd2 23. Kxd2 f5 24. f3 f4 25. g4 g5 26. h3 Ne7 27.
Kd3 Ng6 28. Kc4 Nh4 29. Kd3 Nxf3 30. Ke2 Nh4 31. c4 Ng6 32. c5 bxc5 33. bxc5
Kc7 34. a4 Ne7 35. a5 Nc6 36. a6 Nb4 37. a7 Kb7 38. c6+ Kxa7 39. c7 Kb7 40. Kf3
Kxc7 41. Kf2 Kd6 42. Ke2 Kc5 43. Kf1 Kd4 44. Ke2 Kxe4 45. Kf2 Kd3 46. Kf3 e4+
47. Kg2 e3 48. Kf1 f3 49. Ke1 e2 50. h4 Ke3 51. h5 Nc2# 0-1

[Event "VIII Festival B"]
[Site "Amantea ITA"]
[Date "2010.08.29"]
[Round "1"]
[White "De Marinis, Marcello"]
[Black "Michienzi, Marco"]
[Result "1-0"]
[WhiteElo "1774"]
[BlackElo "1434"]
[PlyCount "73"]
[EventDate "2010.08.29"]

1. d4 d5 2. c4 c6 3. Nc3 Nf6 4. Nf3 Nbd7 5. e3 e6 6. Bd2 g6 7. Bd3 Bg7 8. Qc2
O-O 9. h4 h5 10. O-O-O Nh7 11. e4 Nb6 12. cxd5 exd5 13. exd5 Nxd5 14. Ne4 f5
15. Ng3 Qd6 16. Rhe1 Be6 17. Ne5 Bf7 18. a3 Rac8 19. Kb1 Rc7 20. Nxf7 Rfxf7 21.
Re8+ Nf8 22. Ne2 Rce7 23. Ra8 a6 24. Bg5 Re6 25. Bc4 Qh2 26. Nf4 Rd6 27. g3
Bxd4 28. Rxd4 Qh1+ 29. Rd1 Qf3 30. Re1 Kg7 31. Ree8 Qh1+ 32. Ka2 b5 33. Bxd5
cxd5 34. Qc8 d4 35. Rxf8 Qxa8 36. Rg8+ Kh7 37. Qxa8 1-0

[Event "VIII Festival B"]
[Site "Amantea ITA"]
[Date "2010.08.29"]
[Round "1"]
[White "Denozza, Mauro"]
[Black "Vespe Roccomaria, Antonio"]
[Result "1-0"]
[WhiteElo "1666"]
[BlackElo "1329"]
[PlyCount "103"]
[EventDate "2010.08.29"]

1. d4 d5 2. Nf3 e6 3. e3 Nf6 4. Bd3 Be7 5. Nbd2 O-O 6. O-O Nc6 7. c3 b6 8. Re1
Qd6 9. e4 Qf4 10. e5 Ng4 11. Nf1 Nxf2 12. Kxf2 Bh4+ 13. g3 Qg4 14. Nxh4 Qh3 15.
Kg1 f6 16. Ne3 fxe5 17. Bf1 Rxf1+ 18. Rxf1 Ne7 19. Qf3 Nf5 20. Nexf5 exf5 21.
Qxd5+ Be6 22. Qxa8+ Kf7 23. Qb7 Kf6 24. dxe5+ Kxe5 25. Bf4+ Kf6 26. Qg2 Qg4 27.
h3 Qh5 28. Qf3 Qf7 29. Rae1 g5 30. Bxg5+ Kxg5 31. Qf4+ Kf6 32. Nf3 Qh5 33. Qh4+
Qxh4 34. Nxh4 Kg5 35. Nxf5 Bxf5 36. Rxf5+ Kxf5 37. Re7 a5 38. Rxc7 Ke4 39. Rxh7
Kd5 40. Kf2 Kc4 41. Ke3 b5 42. g4 b4 43. cxb4 axb4 44. g5 Kd5 45. g6 Ke6 46. h4
Kf6 47. h5 Kg5 48. g7 Kf6 49. g8=Q Ke5 50. Rh6 Kf5 51. Qg6+ Ke5 52. Qg5# 1-0

[Event "VIII Festival B"]
[Site "Amantea ITA"]
[Date "2010.08.29"]
[Round "1"]
[White "Grasso, Francesco"]
[Black "Ielapi, Vito"]
[Result "0-1"]
[WhiteElo "1488"]
[BlackElo "1829"]
[PlyCount "108"]
[EventDate "2010.08.29"]

1. e4 c6 2. Nf3 d5 3. exd5 cxd5 4. d4 Bg4 5. Be2 Nc6 6. c3 Nf6 7. O-O e6 8. Bf4
Bd6 9. Bxd6 Qxd6 10. Re1 O-O 11. Na3 a6 12. Nc2 b5 13. Ne3 Bh5 14. Nd2 Bxe2 15.
Qxe2 b4 16. Nb3 bxc3 17. bxc3 Rfd8 18. Nc5 Na5 19. Rec1 Nd7 20. Nxd7 Rxd7 21.
g3 Rc8 22. Rc2 Rdc7 23. Rac1 h6 24. h4 Nb7 25. c4 dxc4 26. Rxc4 Rxc4 27. Rxc4
Rb8 28. Ra4 a5 29. Qd2 Qc6 30. Rc4 Qb5 31. Qc2 Nd6 32. Rc5 Qb4 33. d5 Qe1+ 34.
Kg2 e5 35. Qc1 Qb4 36. Qc2 g6 37. Rc6 a4 38. Rc7 Qe1 39. Rc6 Rb1 40. Kf3 Nf5
41. Nxf5 gxf5 42. Rc8+ Kg7 43. Qxf5 Qd1+ 44. Ke3 Qe1+ 45. Kf3 Qd1+ 46. Ke3 Qd4+
47. Kf3 Qxd5+ 48. Qe4 Qd1+ 49. Qe2 Qh1+ 50. Kg4 Re1 51. Qc2 h5+ 52. Kxh5 Qf3+
53. g4 Re4 54. Rc4 Qxg4# 0-1

[Event "VIII Festival B"]
[Site "Amantea ITA"]
[Date "2010.08.29"]
[Round "1"]
[White "Greco, Simone"]
[Black "Serratore, Vincenzo"]
[Result "0-1"]
[WhiteElo "1614"]
[BlackElo "1881"]
[PlyCount "76"]
[EventDate "2010.08.29"]

1. e4 g6 2. d4 Bg7 3. c4 c6 4. Nc3 d6 5. Be3 Nh6 6. f3 f5 7. Qd2 Nf7 8. Bd3 e6
9. Nge2 O-O 10. O-O a6 11. a4 Nd7 12. Rab1 Qe7 13. b4 Nf6 14. Bg5 Bd7 15. Qe3
Nxg5 16. Qxg5 Qe8 17. Rbe1 Qf7 18. Qf4 e5 19. dxe5 dxe5 20. Qe3 f4 21. Qc5 Rfe8
22. b5 Bf8 23. Qb6 a5 24. Qf2 Rec8 25. b6 Bb4 26. c5 Qe7 27. Bc4+ Kg7 28. Kh1
Bxc5 29. Qh4 Bb4 30. Rd1 Qc5 31. Ba2 Qxb6 32. Nc1 Re8 33. Rd3 Rad8 34. Rfd1 Be7
35. N3e2 Nxe4 36. Rxd7 Nf2+ 37. Qxf2 Qxf2 38. Rxe7+ Kh6 0-1

[Event "VIII Festival B"]
[Site "Amantea ITA"]
[Date "2010.08.29"]
[Round "1"]
[White "Manfroi, Andrea"]
[Black "Mazzuca, Aldo"]
[Result "0-1"]
[WhiteElo "1703"]
[BlackElo "1404"]
[PlyCount "82"]
[EventDate "2010.08.29"]

1. e4 e5 2. Nf3 Nc6 3. Bc4 h6 4. d3 d6 5. h3 Nf6 6. Nc3 a6 7. a3 Qe7 8. Bd2 Bd7
9. Nd5 Nxd5 10. Bxd5 O-O-O 11. a4 Qe8 12. b4 Be6 13. Bxe6+ Qxe6 14. b5 Nb8 15.
Qb1 d5 16. bxa6 Nxa6 17. exd5 Rxd5 18. O-O f6 19. Qe1 Qc6 20. Qd1 g5 21. Be3
Bc5 22. c4 Rd6 23. Bxc5 Qxc5 24. Qe2 Rhd8 25. Qe4 h5 26. Rab1 Qc6 27. Qf5+ Kb8
28. Rfd1 Qxa4 29. Ra1 Qc6 30. Ne1 e4 31. Ra3 exd3 32. Raxd3 Rxd3 33. Rxd3 Rxd3
34. Qxd3 Nc5 35. Qh7 h4 36. Qg8+ Ka7 37. Nc2 Nd7 38. Nd4 Qe4 39. Nb5+ Kb6 40.
Na3 Qe1+ 41. Kh2 Qe5+ 0-1

[Event "VIII Festival B"]
[Site "Amantea ITA"]
[Date "2010.08.29"]
[Round "1"]
[White "Mileo, Miguelito"]
[Black "Tricomi, Massimo"]
[Result "0-1"]
[WhiteElo "1647"]
[BlackElo "1890"]
[PlyCount "77"]
[EventDate "2010.08.29"]

1. d4 d5 2. Bf4 Bg4 3. Nd2 Nc6 4. Ngf3 e6 5. e3 Bd6 6. Bxd6 cxd6 7. c3 Nf6 8.
Qb3 Qd7 9. Bb5 O-O 10. h3 Bxf3 11. gxf3 a6 12. Bd3 e5 13. Qc2 Rfe8 14. Bf5 Qe7
15. O-O-O b5 16. dxe5 dxe5 17. e4 d4 18. c4 Nb4 19. Qb3 bxc4 20. Nxc4 a5 21. a3
Na6 22. Kb1 Reb8 23. Qc2 Nc5 24. Rhg1 Rb3 25. Rd3 Rxd3 26. Qc1 h6 27. Ka2 Qb7
28. Nxe5 Qb3+ 29. Ka1 Rb8 30. Nxf7 Qxa3+ 31. Kb1 Rxb2+ 32. Qxb2 Qxb2+ 33. Kxb2
Kxf7 34. e5 Ne8 35. Bg6+ Kf8 36. e6 Rxf3 37. Re1 Rxf2+ 38. Kb1 Ke7 39. Re5 0-1

[Event "VIII Festival B"]
[Site "Amantea ITA"]
[Date "2010.08.29"]
[Round "1"]
[White "Nicoletta, Oscare"]
[Black "Zampaglione, Davide"]
[Result "0-1"]
[WhiteElo "1305"]
[BlackElo "1662"]
[PlyCount "66"]
[EventDate "2010.08.29"]

1. e4 d6 2. d3 e5 3. Nc3 c6 4. Nf3 Nf6 5. Bg5 Be7 6. d4 Nbd7 7. d5 Qc7 8. dxc6
bxc6 9. Bd3 Nc5 10. b4 Nxd3+ 11. Qxd3 O-O 12. O-O Qb6 13. Rab1 Qc7 14. b5 Bb7
15. Bxf6 Bxf6 16. bxc6 Bxc6 17. Qc4 Rfc8 18. Nd5 Bxd5 19. Qxc7 Rxc7 20. exd5
Rxc2 21. Ra1 Rc5 22. Rfd1 e4 23. Rac1 Rxc1 24. Rxc1 exf3 25. gxf3 g6 26. Kg2
Rb8 27. Rc2 Rb2 28. Rc6 Bd4 29. Rxd6 Bxf2 30. Rd8+ Kg7 31. Rd7 Rxa2 32. d6 Rd2
33. Rd8 Bb6+ 0-1

[Event "VIII Festival B"]
[Site "Amantea ITA"]
[Date "2010.08.29"]
[Round "1"]
[White "Pelyushenko, Anton"]
[Black "Mercuri, Delia"]
[Result "1/2-1/2"]
[WhiteElo "1845"]
[BlackElo "1499"]
[PlyCount "148"]
[EventDate "2010.08.29"]

1. Nf3 Nc6 2. d4 d5 3. g3 Nf6 4. Bg2 Bg4 5. O-O Qd7 6. Ne5 Qe6 7. Nxg4 Nxg4 8.
h3 Nf6 9. Bf4 Qd7 10. Re1 O-O-O 11. c3 e6 12. b4 Bd6 13. Bxd6 Qxd6 14. e4 Nxe4
15. Bxe4 dxe4 16. Rxe4 Rhe8 17. Qf3 Rd7 18. a4 Qd5 19. Rf4 Qxf3 20. Rxf3 f6 21.
a5 e5 22. b5 Nb8 23. dxe5 Rxe5 24. c4 a6 25. Rb3 Rd1+ 26. Kg2 c6 27. bxa6 Nxa6
28. Ra2 Re4 29. Nc3 Rd3 30. Nxe4 Rxb3 31. Rd2 Kc7 32. Nd6 Kb8 33. Ne8 Ra3 34.
Nxg7 Rxa5 35. Rd8+ Ka7 36. Ne8 Kb6 37. Nxf6 Ra4 38. Nxh7 Rxc4 39. g4 Nc7 40. g5
Ne6 41. g6 Nf4+ 42. Kg3 Nxg6 43. Nf8 Rc3+ 44. Kg4 Ne5+ 45. Kf4 Nd3+ 46. Kf3
Ne5+ 47. Kg2 Nf7 48. Re8 Rd3 49. Re7 Nh6 50. Rh7 Nf5 51. Nd7+ Ka5 52. Nc5 Rd5
53. Nxb7+ Kb6 54. Rf7 Nd4 55. h4 c5 56. Nxc5 Kxc5 57. f4 Rh5 58. Kg3 Kd5 59.
Rg7 Nf5+ 60. Kg4 Nxg7 61. Kg3 Ke4 62. Kg4 Rf5 63. Kg3 Rxf4 64. Kh3 Nf5 65. Kg2
Rxh4 66. Kf2 Rh2+ 67. Kg1 Rc2 68. Kh1 Nd4 69. Kg1 Kf4 70. Kf1 Kf3 71. Ke1 Ke3
72. Kd1 Kd3 73. Ke1 Nf3+ 74. Kf1 Ke3 1/2-1/2

[Event "VIII Festival B"]
[Site "Amantea ITA"]
[Date "2010.08.29"]
[Round "1"]
[White "Salvaggio, Salvatore"]
[Black "Palermiti, Francesco"]
[Result "1-0"]
[WhiteElo "1823"]
[BlackElo "1470"]
[PlyCount "97"]
[EventDate "2010.08.29"]

1. d4 d5 2. c4 Nf6 3. Nc3 e6 4. Nf3 Be7 5. e3 O-O 6. Be2 b6 7. cxd5 exd5 8. O-O
c5 9. Re1 c4 10. Qc2 a6 11. a4 Nc6 12. b3 Nb4 13. Qb1 cxb3 14. Qxb3 Bf5 15. Bd1
Be4 16. Nxe4 Nxe4 17. Ba3 a5 18. Rc1 Qd6 19. Bc2 Rac8 20. Bxe4 Rxc1 21. Bxh7+
Kxh7 22. Rxc1 Kg8 23. Bxb4 axb4 24. Ne5 Rd8 25. Nc6 Re8 26. Nxe7+ Rxe7 27. Rb1
Rc7 28. g3 Rc4 29. Kg2 Qe6 30. f3 Rc3 31. Qxb4 Qxe3 32. Rf1 Qe2+ 33. Rf2 Qc4
34. Qxb6 Rc2 35. Rxc2 Qxc2+ 36. Kf1 Qxa4 37. Qd8+ Kh7 38. Qxd5 Qd1+ 39. Kg2
Qe2+ 40. Kh3 Qe6+ 41. Qxe6 fxe6 42. Kg4 Kg6 43. Kf4 Kf6 44. h4 g6 45. g4 Kf7
46. Ke5 Ke7 47. f4 Kf7 48. h5 gxh5 49. gxh5 1-0

[Event "VIII Festival B"]
[Site "Amantea ITA"]
[Date "2010.08.29"]
[Round "1"]
[White "Sansosti, Simona"]
[Black "Violi, Vincenzo"]
[Result "0-1"]
[WhiteElo "1410"]
[BlackElo "1725"]
[PlyCount "50"]
[EventDate "2010.08.29"]

1. d4 b6 2. Nf3 Ba6 3. Nbd2 Nf6 4. c4 e6 5. e3 c5 6. Be2 Nc6 7. O-O cxd4 8.
Nxd4 Nxd4 9. exd4 d5 10. b3 dxc4 11. Nxc4 Bb7 12. Bf4 Nd5 13. Bf3 Be7 14. Bg3
Nc3 15. Qd3 Bxf3 16. Qxf3 Nb5 17. Rfd1 O-O 18. Qg4 Nd6 19. Be5 Nf5 20. Rd3 Bf6
21. Rad1 Qe7 22. Bxf6 Qxf6 23. Rf3 Rad8 24. Ne5 Qxe5 25. Rxf5 Qxf5 0-1

[Event "VIII Festival B"]
[Site "Amantea ITA"]
[Date "2010.08.29"]
[Round "1"]
[White "Scalise, Sandro"]
[Black "Cicero, Angelo"]
[Result "1/2-1/2"]
[WhiteElo "1758"]
[BlackElo "1422"]
[PlyCount "44"]
[EventDate "2010.08.29"]

1. d4 d5 2. Nc3 Nf6 3. Bg5 h6 4. Bxf6 exf6 5. e3 a6 6. Bd3 Bb4 7. Nf3 Nc6 8.
O-O Bxc3 9. bxc3 Bg4 10. Rb1 Rb8 11. e4 O-O 12. h3 Bh5 13. g4 Bg6 14. exd5 Bxd3
15. Qxd3 Qxd5 16. c4 Qd7 17. c3 Rfe8 18. Rfe1 Rxe1+ 19. Rxe1 h5 20. Qe4 hxg4
21. hxg4 Na5 22. Nd2 Qc6 1/2-1/2

[Event "VIII Festival B"]
[Site "Amantea ITA"]
[Date "2010.08.29"]
[Round "1"]
[White "Scerra, Ezio"]
[Black "Scovazzi, Tullio"]
[Result "1-0"]
[WhiteElo "1419"]
[BlackElo "1753"]
[PlyCount "113"]
[EventDate "2010.08.29"]

1. c4 e6 2. Nc3 d5 3. cxd5 exd5 4. d4 Nf6 5. e3 Bd6 6. Be2 O-O 7. Nf3 c6 8. O-O
Bg4 9. a3 Qc7 10. e4 dxe4 11. Ne5 Bxe2 12. Qxe2 Bxe5 13. dxe5 Qxe5 14. f4 Qe7
15. b4 Nbd7 16. Bd2 Rfe8 17. Rad1 Nd5 18. Nxd5 cxd5 19. Be3 Nf6 20. g4 Red8 21.
g5 Ne8 22. f5 b6 23. Qg4 Qd7 24. Bd4 g6 25. Be5 Ng7 26. Bxg7 Kxg7 27. f6+ Kg8
28. Qh4 Qe8 29. Rf4 Kh8 30. Qh6 Qg8 31. Qh3 Rac8 32. Qh6 Rc3 33. Rxe4 Rdc8 34.
Red4 Rc1 35. Rxd5 Rxd1+ 36. Rxd1 a5 37. bxa5 bxa5 38. Rd5 a4 39. Ra5 Qf8 40.
Qxf8+ Rxf8 41. Rxa4 h6 42. Rh4 h5 43. a4 Ra8 44. Re4 Rb8 45. h4 Kg8 46. Kg2 Kf8
47. Kf3 Rb1 48. a5 Ra1 49. Re5 Ra4 50. Rb5 Ke8 51. Rb8+ Kd7 52. Rb7+ Ke8 53.
Re7+ Kf8 54. Ra7 Ke8 55. a6 Rxh4 56. Re7+ Kf8 57. Rb7 1-0

[Event "VIII Festival B"]
[Site "Amantea ITA"]
[Date "2010.08.29"]
[Round "1"]
[White "Stoja, Rocco"]
[Black "Fariselli, Umberto"]
[Result "1-0"]
[WhiteElo "1820"]
[BlackElo "1458"]
[PlyCount "79"]
[EventDate "2010.08.29"]

1. e4 e6 2. d4 d5 3. exd5 exd5 4. c4 c6 5. Nc3 Nf6 6. Bg5 Be7 7. Nf3 Bg4 8. h3
Bh5 9. Bd3 O-O 10. O-O Nbd7 11. Rc1 Re8 12. c5 b6 13. b4 b5 14. Bc2 Bg6 15.
Bxg6 fxg6 16. Re1 a5 17. a3 axb4 18. axb4 Ra3 19. Ne5 Nxe5 20. Rxe5 h6 21. Bd2
Nd7 22. Re6 Ra6 23. Nxd5 Nb8 24. Nxe7+ Rxe7 25. Qe2 Raa7 26. Re1 Rxe6 27. Qxe6+
Kh7 28. Bc3 Ra3 29. Re3 Qg8 30. Qxg8+ Kxg8 31. Re8+ Kh7 32. Rxb8 Rxc3 33. d5
cxd5 34. Kf1 d4 35. Ke2 d3+ 36. Kd2 Rc2+ 37. Kxd3 Rxf2 38. c6 Rxg2 39. c7 Rg3+
40. Ke2 1-0

[Event "VIII Festival B"]
[Site "Amantea ITA"]
[Date "2010.08.29"]
[Round "1"]
[White "Vacchiano, Salvatore"]
[Black "Grudina, Marco"]
[Result "0-1"]
[WhiteElo "1569"]
[BlackElo "1866"]
[PlyCount "98"]
[EventDate "2010.08.29"]

1. d4 d5 2. e4 dxe4 3. Nc3 Nf6 4. f3 exf3 5. Nxf3 Bg4 6. Bc4 e6 7. Be3 Bb4 8.
a3 Bxc3+ 9. bxc3 Nd5 10. Bd2 Qd6 11. Bxd5 Qxd5 12. O-O O-O 13. Qe2 Nc6 14. Rab1
Bxf3 15. Rxf3 b6 16. Qd3 f5 17. Bf4 Rf7 18. Rd1 Rd8 19. Re3 Qa2 20. Rde1 e5 21.
Bxe5 Nxe5 22. Rxe5 g6 23. c4 Qb2 24. d5 a5 25. Re8+ Rxe8 26. Rxe8+ Kg7 27. Re1
Rd7 28. a4 Qf6 29. c3 Re7 30. Rd1 Qd6 31. Qd4+ Kg8 32. Rb1 Re4 33. c5 Qe7 34.
Qf2 bxc5 35. Kf1 Rxa4 36. Re1 Re4 37. Ra1 a4 38. Qa2 Kg7 39. c4 Rf4+ 40. Kg1
Qe3+ 41. Kh1 Qd3 42. Qb2+ Kh6 43. Qc1 Qxc4 44. Qd1 Qd4 45. Qc1 g5 46. Ra3 Qxd5
47. Rh3+ Kg7 48. Qe1 Re4 49. Qa1+ Rd4 0-1

[Event "VIII Festival B"]
[Site "Amantea ITA"]
[Date "2010.08.29"]
[Round "1"]
[White "Valotta, Massimiliano"]
[Black "Martino, Giovanni"]
[Result "1-0"]
[WhiteElo "1863"]
[BlackElo "1536"]
[PlyCount "55"]
[EventDate "2010.08.29"]

1. d4 Nf6 2. c4 g6 3. Nc3 Bg7 4. e4 d6 5. f4 O-O 6. Nf3 Nbd7 7. e5 Ne8 8. Bd3
c5 9. Be3 cxd4 10. Bxd4 dxe5 11. fxe5 Nb6 12. Ne2 Bg4 13. a4 Rc8 14. Qb3 Nd7
15. Rd1 Bxf3 16. gxf3 Qa5+ 17. Bc3 Nc5 18. Bxa5 Nxb3 19. Bb4 Nc5 20. Bxc5 Rxc5
21. f4 f6 22. e6 f5 23. b4 Rc8 24. c5 Rc6 25. Bb5 Rxe6 26. Bc4 Nc7 27. Rd7 Bc3+
28. Kf2 1-0

[Event "VIII Festival B"]
[Site "Amantea ITA"]
[Date "2010.08.29"]
[Round "1"]
[White "Vesce, Emanuele"]
[Black "De Luca, Alessio"]
[Result "1-0"]
[WhiteElo "1735"]
[BlackElo "1416"]
[PlyCount "78"]
[EventDate "2010.08.29"]

1. e4 e5 2. Nf3 Nc6 3. Bc4 Bc5 4. c3 Nf6 5. d4 Bb6 6. dxe5 Nxe4 7. O-O O-O 8.
Bd3 d5 9. exd6 Nxd6 10. Qc2 g6 11. Bh6 Re8 12. Rd1 Qf6 13. Bg5 Qg7 14. Nbd2 Bf5
15. Re1 Bxd3 16. Qxd3 h6 17. Bf4 Rxe1+ 18. Rxe1 Nf5 19. Nc4 Nfe7 20. Nxb6 cxb6
21. Qd7 g5 22. Qxb7 Rd8 23. Be3 Qg6 24. Nd4 Rd6 25. g3 f5 26. Nb5 Rf6 27. Bd4
Rf7 28. Qd7 f4 29. Qe8+ Rf8 30. Qxg6+ Nxg6 31. Re6 Nge7 32. Nxa7 f3 33. Bxb6
Kf7 34. Re3 g4 35. Bc5 Rd8 36. h3 Rd1+ 37. Kh2 h5 38. hxg4 hxg4 39. Re4 Ne5 1-0

[Event "VIII Festival B"]
[Site "Amantea ITA"]
[Date "2010.08.29"]
[Round "1"]
[White "Zampaglione, Francesco"]
[Black "Bevilacqua, Michele"]
[Result "1-0"]
[WhiteElo "1467"]
[BlackElo "1820"]
[PlyCount "99"]
[EventDate "2010.08.29"]

1. d4 f5 2. Nf3 Nf6 3. e3 g6 4. Bd3 Bg7 5. Nbd2 O-O 6. c4 d6 7. Qb3 Nc6 8. O-O
Qe8 9. e4 fxe4 10. Nxe4 Nxe4 11. Bxe4 Nxd4 12. Nxd4 Bxd4 13. Bh6 Rf7 14. Bd5 e6
15. Rae1 c6 16. Bf3 e5 17. Rd1 Be6 18. Be3 Rxf3 19. gxf3 Bh3 20. Rfe1 Qe7 21.
Kh1 Qh4 22. Rg1 Rf8 23. Rg3 Qh5 24. Bxd4 exd4 25. Rxd4 Re8 26. Re4 Rxe4 27.
fxe4 Qh4 28. Rxh3 Qxe4+ 29. Rf3 g5 30. c5+ d5 31. h3 h5 32. Qd3 Qe6 33. Qe3 Qg6
34. Qd3 Qe6 35. Qf5 Qe7 36. Qg6+ Kh8 37. Qf6+ Qxf6 38. Rxf6 Kg7 39. Rd6 Kf7 40.
Rd7+ Ke6 41. Rxb7 d4 42. Kg1 Kd5 43. Rxa7 Kxc5 44. Kf1 Kd5 45. Ke2 c5 46. a4
Kc4 47. a5 Kb3 48. Kd3 Kxb2 49. Rb7+ Kc1 50. Rc7 1-0

[Event "VIII Festival B"]
[Site "Amantea ITA"]
[Date "2010.08.30"]
[Round "2"]
[White "Alagia, Pietro"]
[Black "Valotta, Massimiliano"]
[Result "0-1"]
[WhiteElo "1673"]
[BlackElo "1863"]
[PlyCount "76"]
[EventDate "2010.08.29"]

1. d4 e6 2. Nf3 d5 3. g3 Bd6 4. Bg2 Nd7 5. Nbd2 f5 6. c4 c6 7. Qc2 Ngf6 8. b3
O-O 9. Bb2 Ne4 10. Ne5 Bb4 11. Bxe4 fxe4 12. a3 Ba5 13. b4 Bc7 14. Ng4 Qg5 15.
Ne3 h5 16. h4 Qf6 17. Rf1 Bd6 18. O-O-O a5 19. c5 Bc7 20. f4 axb4 21. axb4 b6
22. Rf2 e5 23. Qb3 Qf7 24. Rdf1 exd4 25. Bxd4 bxc5 26. bxc5 Rb8 27. Qc3 Rb5 28.
Nb3 Nf6 29. g4 Nxg4 30. Nxg4 Bxg4 31. f5 Rfb8 32. f6 Rxb3 33. Qxb3 Rxb3 34.
fxg7 Bf3 35. exf3 Rxf3 36. Rxf3 exf3 37. Kc2 Qf4 38. Kd3 Qe4+ 0-1

[Event "VIII Festival B"]
[Site "Amantea ITA"]
[Date "2010.08.30"]
[Round "2"]
[White "Carbone, Edoardo"]
[Black "Scalise, Sandro"]
[Result "1/2-1/2"]
[WhiteElo "1614"]
[BlackElo "1758"]
[PlyCount "38"]
[EventDate "2010.08.29"]

1. c4 Nf6 2. Nc3 c6 3. g3 g6 4. Bg2 Bg7 5. Nf3 O-O 6. O-O Qc7 7. d3 Re8 8. Bd2
d6 9. Rb1 e5 10. Qc2 Be6 11. Ng5 Nbd7 12. Nxe6 Rxe6 13. b4 Rd8 14. Rfc1 Nb6 15.
a4 Nc8 16. b5 d5 17. cxd5 cxd5 18. Bg5 Ne7 19. Qb2 Qb8 1/2-1/2

[Event "VIII Festival B"]
[Site "Amantea ITA"]
[Date "2010.08.30"]
[Round "2"]
[White "Carlomagno, Vincenzo"]
[Black "Paragliola, Gennaro"]
[Result "1-0"]
[WhiteElo "1851"]
[BlackElo "1598"]
[PlyCount "49"]
[EventDate "2010.08.29"]

1. e4 e5 2. Nf3 Nc6 3. Bc4 Bc5 4. c3 Nf6 5. d3 O-O 6. Bb3 d5 7. Nbd2 Bg4 8. h3
Bh5 9. O-O g5 10. exd5 Nxd5 11. Ne4 Be7 12. g4 Bg6 13. Nfxg5 Nf4 14. Bxf4 exf4
15. Nf3 Kh8 16. Kh2 f5 17. gxf5 Bxf5 18. Rg1 Qd7 19. Nfg5 Bxg5 20. Nxg5 Rf6 21.
Qh5 Ne5 22. d4 Ng6 23. Rae1 Re8 24. Rxe8+ Qxe8 25. Qxh7# 1-0

[Event "VIII Festival B"]
[Site "Amantea ITA"]
[Date "2010.08.30"]
[Round "2"]
[White "Cicero, Angelo"]
[Black "Pelyushenko, Anton"]
[Result "0-1"]
[WhiteElo "1422"]
[BlackElo "1845"]
[PlyCount "138"]
[EventDate "2010.08.29"]

1. e4 e5 2. Bc4 Nf6 3. d3 h6 4. Nf3 Bc5 5. Nxe5 d6 6. Nxf7 Qe7 7. Nxh8 Nfd7 8.
Qh5+ Kd8 9. Nf7+ Ke8 10. Nxd6+ Kf8 11. Qf7+ Qxf7 12. Nxf7 Nc6 13. c3 a6 14. a4
Na5 15. Be6 Nf6 16. Bxc8 Rxc8 17. Nxh6 Nb3 18. Ra2 Nxc1 19. Ra1 gxh6 20. O-O
Nxd3 21. b4 Ba7 22. Nd2 c5 23. b5 Rd8 24. Rab1 Ng4 25. Nb3 c4 26. Nd4 Bxd4 27.
cxd4 Rxd4 28. f3 Ne3 29. bxa6 bxa6 30. Rb8+ Ke7 31. Rfb1 c3 32. R8b7+ Rd7 33.
Rxd7+ Kxd7 34. Rb3 Nd1 35. Kf1 c2 36. Rxd3+ Ke6 37. Ke1 c1=Q 38. Rxd1 Qe3+ 39.
Kf1 Qb3 40. Re1 Qxa4 41. f4 Qc4+ 42. Kf2 Qd4+ 43. Ke2 Kf7 44. Kf3 h5 45. e5 h4
46. e6+ Ke7 47. Kg4 Qf2 48. Re5 Qxg2+ 49. Kxh4 Qxh2+ 50. Kg5 Qg3+ 51. Kf5 Qd3+
52. Kg5 Qg3+ 53. Kf5 Qg7 54. Ke4 Qg6+ 55. Kd5 Qd3+ 56. Kc5 a5 57. Kc6 a4 58.
Rd5 Qe4 59. f5 a3 60. Kc5 Qe3+ 61. Kc6 Qc3+ 62. Rc5 Qxc5+ 63. Kxc5 a2 64. Kc6
a1=Q 65. Kd5 Qa5+ 66. Ke4 Kf6 67. Kd4 Qxf5 68. e7 Kxe7 69. Kc4 Kd6 0-1